000
00219nam a22000977a 4500
003
SGT
245
_a
PHARMA BIO WORLD
260
_a
MUMBAI
_b
JASUBHAI GROUP & CHEMTECH FOUNDATION
_c
2015-16
310
_a
10-9
942
_2
ddc
_c
BV
999
_c
24193
_d
24193